[Event "Sydney International Open"]
[Site "Parramatta, NSW"]
[Date "2009.04.18"]
[Round "7.8"]
[White "Neelotpal, Das"]
[Black "Chow, Samuel"]
[Result "1-0"]
[WhiteElo "2514"]
[BlackElo "2299"]
[PlyCount "55"]
[EventDate "2009.04.15"]
[EventType "swiss"]
[EventRounds "9"]
[EventCountry "AUS"]
[SourceDate "2009.04.15"]

1. e4 e6 2. d4 d5 3. Nd2 Nf6 4. e5 Nfd7 5. c3 c5 6. Ngf3 Nc6 7. Bd3 g6 8. Bc2
Qb6 9. Nb3 cxd4 10. cxd4 a5 11. a4 Nb4 12. Bb1 Qa6 13. Bg5 Bg7 14. Nc1 b6 15.
Ne2 Bb7 16. O-O Rc8 17. Qd2 O-O 18. Bh6 f5 19. exf6 Rxf6 20. Bxg7 Kxg7 21. Nf4
Nf8 22. Ra3 Qa8 23. Ne5 Rc7 24. Rg3 Kh8 25. Nh5 gxh5 26. Qg5 Rg6 27. Bxg6 hxg6
28. Qf6+ 1-0

[Event "Sydney International Open"]
[Site "Parramatta, NSW"]
[Date "2009.04.18"]
[Round "7.9"]
[White "Minor, Samuel"]
[Black "Deepan Chakkravarthy, J."]
[Result "0-1"]
[WhiteElo "2216"]
[BlackElo "2482"]
[PlyCount "68"]
[EventDate "2009.04.15"]
[EventType "swiss"]
[EventRounds "9"]
[EventCountry "AUS"]
[SourceDate "2009.04.15"]

1. e4 c5 2. Nf3 d6 3. d4 cxd4 4. Nxd4 Nf6 5. Nc3 Nc6 6. Bg5 e6 7. Qd2 a6 8.
O-O-O Bd7 9. f3 Be7 10. g4 b5 11. Be3 Nxd4 12. Bxd4 O-O 13. Kb1 Bc6 14. Bd3 Nd7
15. Rhg1 Ne5 16. Qe3 Qc7 17. f4 Nxd3 18. Rxd3 b4 19. Ne2 e5 20. fxe5 dxe5 21.
Bb6 Qb7 22. Ng3 Rfc8 23. h4 a5 24. Rd2 a4 25. g5 b3 26. Nf5 Bf8 27. Nh6+ Kh8
28. Rf2 bxc2+ 29. Kc1 Be8 30. Rgf1 gxh6 31. gxh6 Rc6 32. Rf6 Rac8 33. Qg5 Qxb6
34. Rxc6 Qxc6 0-1

[Event "Sydney International Open"]
[Site "Parramatta, NSW"]
[Date "2009.04.18"]
[Round "7.10"]
[White "Roy Chowdhury, Saptarshi"]
[Black "Illingworth, Max"]
[Result "1-0"]
[WhiteElo "2469"]
[BlackElo "2243"]
[PlyCount "53"]
[EventDate "2009.04.15"]
[EventType "swiss"]
[EventRounds "9"]
[EventCountry "AUS"]
[SourceDate "2009.04.15"]

1. e4 e6 2. Nf3 d5 3. Nc3 Nf6 4. e5 Nfd7 5. d4 c5 6. Bg5 Qb6 7. dxc5 Bxc5 8.
Qd2 Nc6 9. O-O-O Bxf2 10. Na4 Qb4 11. Qxf2 Qxa4 12. a3 O-O 13. Qg3 f6 14. exf6
Nxf6 15. Bd3 Bd7 16. Kb1 Rae8 17. c4 Rf7 18. Bxf6 Rxf6 19. Ng5 Rh6 20. Rdf1
dxc4 21. Bxh7+ Rxh7 22. Nxh7 Kxh7 23. Rf7 Rg8 24. Rxd7 Qb5 25. Qh3+ Kg6 26.
Qxe6+ Kh7 27. Rd5 1-0

[Event "Sydney International Open"]
[Site "Parramatta, NSW"]
[Date "2009.04.18"]
[Round "7.11"]
[White "Satyapragyan, Swayangsu"]
[Black "Dragicevic, Domagoj"]
[Result "1-0"]
[WhiteElo "2428"]
[BlackElo "2251"]
[PlyCount "45"]
[EventDate "2009.04.15"]
[EventType "swiss"]
[EventRounds "9"]
[EventCountry "AUS"]
[SourceDate "2009.04.15"]

1. e4 c5 2. Nf3 d6 3. d4 cxd4 4. Nxd4 Nf6 5. Nc3 a6 6. h3 e6 7. g4 Nc6 8. Bg2
Be7 9. Be3 Qc7 10. Qe2 O-O 11. O-O-O Nd7 12. f4 Rb8 13. Kb1 Nxd4 14. Bxd4 b5
15. e5 dxe5 16. fxe5 Nc5 17. Rhf1 b4 18. Ne4 Nxe4 19. Bxe4 Bb7 20. Bd3 Bd5 21.
g5 Bc5 22. Rf4 Bxd4 23. Bxh7+ 1-0

[Event "Sydney International Open"]
[Site "Parramatta, NSW"]
[Date "2009.04.18"]
[Round "7.12"]
[White "Rathnakaran, K."]
[Black "Morris, James"]
[Result "1-0"]
[WhiteElo "2427"]
[BlackElo "2114"]
[Annotator "TheRealDeal"]
[PlyCount "49"]
[EventDate "2009.04.15"]
[EventType "swiss"]
[EventRounds "9"]
[EventCountry "AUS"]
[SourceDate "2009.04.15"]

1. e4 e6 2. d3 c5 3. g3 Nc6 4. Bg2 b5 5. Nf3 Bb7 6. O-O g6 7. c3 Bg7 8. d4 d5
9. exd5 Qxd5 10. Ne5 Qd6 11. Nxc6 Bxc6 12. dxc5 Qxd1 13. Bxc6+ Qd7 14. Bxd7+
Kxd7 15. Rd1+ Kc6 16. a4 Nf6 17. axb5+ Kxc5 18. Be3+ Kxb5 19. Rd6 Rhd8 20. Rda6
Nd5 21. Bxa7 (21. R1a4 Nb6 22. Bxb6) (21. Nd2 Nb6 22. R1a5+ Kc6 23. Bxb6 axb6
24. Rxa8 Rxd2) 21... Kc4 22. Nd2+ Kd3 23. Nf3 Nc7 (23... Kc2 24. Kg2 Rd7) 24.
R6a4 Nb5 25. Ne1+ 1-0

[Event "Sydney International Open"]
[Site "Parramatta, NSW"]
[Date "2009.04.18"]
[Round "7.13"]
[White "Lane, Gary"]
[Black "Dizdarevich, Mehmedalija"]
[Result "1-0"]
[WhiteElo "2371"]
[BlackElo "2081"]
[PlyCount "95"]
[EventDate "2009.04.15"]
[EventType "swiss"]
[EventRounds "9"]
[EventCountry "AUS"]
[SourceDate "2009.04.15"]

1. e4 e6 2. d4 d5 3. Nd2 Nf6 4. e5 Nfd7 5. c3 c5 6. f4 Nc6 7. Ndf3 cxd4 8. cxd4
Qb6 9. h4 Be7 10. h5 Bb4+ 11. Kf2 f6 12. Be3 fxe5 13. fxe5 O-O 14. Nh3 Be7 15.
Qd2 Bb4 16. Qd1 Be7 17. Rb1 Rf7 18. g3 Nf8 19. Kg2 Bd7 20. b4 Rc8 21. a3 Be8
22. Bd3 Nb8 23. Qe2 a6 24. Rbc1 Rc6 25. Bd2 Bd7 26. Rcf1 Be8 27. Rf2 Rc7 28.
Nhg5 Bxg5 29. Nxg5 Rxf2+ 30. Qxf2 h6 31. Rf1 Nbd7 32. Nf7 Rc4 33. Bxc4 dxc4 34.
g4 Qc6+ 35. Kh2 Qe4 36. Kh3 Qd3+ 37. Be3 Bxf7 38. Qxf7+ Kh8 39. Rf3 Qd1 40. Kg2
c3 41. g5 hxg5 42. h6 gxh6 43. Qh5 Qc2+ 44. Bf2 Qg6 45. Qxg6 Nxg6 46. Rxc3 Ngf8
47. Rc7 b6 48. d5 1-0

[Event "Sydney International Open"]
[Site "Parramatta, NSW"]
[Date "2009.04.18"]
[Round "7.14"]
[White "Karavade, Eesha"]
[Black "Fernandez, Daniel Howard"]
[Result "1-0"]
[WhiteElo "2359"]
[BlackElo "2171"]
[PlyCount "189"]
[EventDate "2009.04.15"]
[EventType "swiss"]
[EventRounds "9"]
[EventCountry "AUS"]
[SourceDate "2009.04.15"]

1. d4 Nf6 2. Nf3 c5 3. g3 b6 4. Bg2 Bb7 5. O-O g6 6. c4 cxd4 7. Qxd4 Bg7 8. Nc3
O-O 9. Qh4 d6 10. Rd1 Nbd7 11. Be3 Rc8 12. Rac1 Qc7 13. Nd5 Nxd5 14. cxd5 Qd8
15. Nd4 Bf6 16. Bg5 Rxc1 17. Rxc1 e5 18. Bxf6 Qxf6 19. Nb5 e4 20. Rc7 Bxd5 21.
Rxd7 Qxh4 22. gxh4 Bc6 23. Rxa7 Bxb5 24. Bxe4 Bxe2 25. Bd5 b5 26. b3 Bg4 27.
Rb7 Rc8 28. Bxf7+ Kf8 29. Bd5 Rc5 30. h3 Bxh3 31. Bf3 Rc2 32. Rxb5 Rxa2 33. Rb7
Rd2 {Black offered a draw.} 34. b4 Rd4 35. b5 Bg4 36. Bc6 Be2 37. Rxh7 Rb4 38.
Rb7 Rg4+ 39. Kh2 Rxh4+ 40. Kg3 Rg4+ 41. Kh3 g5 42. f3 Rc4 43. Kg3 g4 44. fxg4
Rxg4+ 45. Kf2 Bxb5 46. Bxb5 Rg5 47. Ke3 Re5+ 48. Kd4 Rg5 49. Kc4 Rc5+ 50. Kb4
Rc1 51. Rd7 Rb1+ 52. Kc4 Rd1 53. Bc6 Kg8 54. Bd5+ Kf8 55. Rxd6 Ke7 56. Rh6 Rd2
57. Kc5 Rd1 58. Re6+ Kd7 59. Rf6 Rc1+ 60. Bc4 Re1 61. Bd5 Rc1+ 62. Kd4 Ke7 63.
Rh6 Kd7 64. Rb6 Ke7 65. Ke5 Kd7 66. Rf6 Re1+ 67. Be4 Kc7 68. Rf7+ Kb6 69. Rb7+
Kc5 70. Rc7+ Kb6 71. Rc3 Rg1 72. Kd5 Rd1+ 73. Bd3 Rh1 74. Rc6+ Kb7 75. Rf6 Rd1
76. Kc4 Kc7 77. Bf5 Rc1+ 78. Kd5 Rd1+ 79. Ke5 Re1+ 80. Be4 Rd1 81. Bd5 Re1+ 82.
Be4 Rd1 83. Bf3 Re1+ 84. Kd5 Rf1 85. Rf7+ Kb6 86. Kd4 Rf2 87. Rb7+ Ka6 88. Rb3
Rd2+ 89. Kc5 Rc2+ 90. Kd6 Ka5 91. Be4 Rc1 92. Kd5 Ka4 93. Rb8 Ka5 94. Bd3 Rd1
95. Kc5 1-0

[Event "Sydney International Open"]
[Site "Parramatta, NSW"]
[Date "2009.04.18"]
[Round "7.15"]
[White "Wright, Neil"]
[Black "Bjelobrk, Igor"]
[Result "0-1"]
[WhiteElo "2208"]
[BlackElo "2332"]
[PlyCount "66"]
[EventDate "2009.04.15"]
[EventType "swiss"]
[EventRounds "9"]
[EventCountry "AUS"]
[SourceDate "2009.04.15"]

1. Nf3 f5 2. d3 d6 3. e4 e5 4. Nc3 c5 5. g3 Nc6 6. Bg2 Nf6 7. O-O Be7 8. Nd5
O-O 9. c3 Kh8 10. Re1 Nxd5 11. exd5 Nb8 12. a3 Nd7 13. b4 Bf6 14. Qc2 b6 15.
Rb1 a6 16. Nd2 Qc7 17. Bb2 Bb7 18. Qb3 Rac8 19. Ba1 b5 20. c4 bxc4 21. dxc4 Rb8
22. Qa4 Rfc8 23. Bh3 g6 24. Ne4 cxb4 25. Nxf6 Nxf6 26. Rxb4 a5 27. Rb5 Ba6 28.
Rxa5 $2 (28. Rxb8 Rxb8 29. f4 $16 {Bugzilla}) 28... Bxc4 29. Rc1 Ne4 30. Ra7
Qb6 31. Bg2 (31. Qd7 Qxf2+ 32. Kh1 Nxg3+ 33. hxg3 Bxd5+ 34. Bg2 Qxg2#) 31...
Qxf2+ 32. Kh1 Bxd5 33. Rg1 Rc1 0-1

[Event "Sydney International Open"]
[Site "Parramatta, NSW"]
[Date "2009.04.18"]
[Round "7.16"]
[White "Charles, Gareth"]
[Black "Cheng, Bobby Sky"]
[Result "1-0"]
[WhiteElo "2160"]
[BlackElo "2103"]
[PlyCount "113"]
[EventDate "2009.04.15"]
[EventType "swiss"]
[EventRounds "9"]
[EventCountry "AUS"]
[SourceDate "2009.04.15"]

1. d4 d5 2. c4 e6 3. Nf3 Nf6 4. g3 Bb4+ 5. Bd2 Be7 6. Bg2 O-O 7. O-O Nbd7 8.
Qc2 b6 9. cxd5 exd5 10. Ne5 Bd6 11. Nc6 Qe8 12. Nc3 Qe6 13. e4 dxe4 14. Nxe4
Ba6 15. Rfe1 Nxe4 16. Bxe4 f5 17. Ne7+ Bxe7 18. Bxa8 Qf7 19. Qxc7 Bb5 20. Bc6
Bxc6 21. Qxc6 Bf6 22. Bc3 Rd8 23. d5 f4 24. Qe6 Nc5 25. Qxf7+ Kxf7 26. Bxf6
Kxf6 27. Rad1 Nb7 28. Kg2 Nd6 29. Kf3 fxg3 30. hxg3 h6 31. Kg2 Rd7 32. f4 g6
33. b3 h5 34. Kf3 Nf7 35. Re6+ Kf5 36. Rc6 Nd8 37. Rc8 Nf7 38. Rf8 Kf6 39. g4
hxg4+ 40. Kxg4 Kg7 41. Re8 Nh6+ 42. Kf3 Nf5 43. a4 Kf7 44. Rb8 Nh4+ 45. Kg4 Nf5
46. Rd3 Kf6 47. Rf8+ Kg7 48. Rxf5 gxf5+ 49. Kxf5 Kf7 50. d6 Rd8 51. d7 Ke7 52.
Ke5 a6 53. f5 b5 54. f6+ Kf7 55. Kd6 bxa4 56. bxa4 Kxf6 57. Kc7 1-0

[Event "Sydney International Open"]
[Site "Parramatta, NSW"]
[Date "2009.04.18"]
[Round "7.17"]
[White "Solomon, Stephen"]
[Black "Ayvazyan, Armen"]
[Result "0-1"]
[WhiteElo "2455"]
[BlackElo "2210"]
[PlyCount "242"]
[EventDate "2009.04.15"]
[EventType "swiss"]
[EventRounds "9"]
[EventCountry "AUS"]
[SourceDate "2009.04.15"]

1. d4 Nf6 2. c4 e6 3. Nf3 Bb4+ 4. Bd2 Qe7 5. g3 O-O 6. Bg2 Bxd2+ 7. Qxd2 d6 8.
Nc3 Nbd7 9. O-O Nb6 10. b3 e5 11. e4 Re8 12. d5 a5 13. Rac1 Nbd7 14. a3 Nc5 15.
Qc2 Bd7 16. Nd2 Na6 17. f4 Ng4 18. Rce1 Nc5 19. f5 f6 20. Bf3 Nh6 21. Bh5 Reb8
22. a4 Kf8 23. h4 Be8 24. Be2 Nf7 25. Kh2 Ra6 26. Rg1 Rb6 27. g4 g5 28. fxg6
hxg6 29. Ref1 Kg7 30. Rg3 Bd7 31. Kg2 Rh8 32. Rh1 g5 33. h5 Nh6 34. Nd1 Rf8 35.
Ne3 Bc8 36. Rb1 Bd7 37. Rb2 Ra6 38. Nb1 b6 39. Nc3 Raa8 40. Rb1 Rf7 41. Rf1
Raf8 42. Kh3 Ra8 43. Rg2 Raf8 44. Rgf2 Ra8 45. Kg3 Raf8 46. Bd1 Ra8 47. Qe2
Raf8 48. Bc2 Ra8 49. Qd1 Raf8 50. Ne2 Ra8 51. Ng1 Raf8 52. Nh3 Bc8 53. Qd2 Bd7
54. Ng1 Ra8 55. Ne2 Raf8 56. Kh3 Ra8 57. Ng3 Rh8 58. Bd1 Na6 59. Nc2 Nc5 60.
Qe3 Rhf8 61. Na3 Ra8 62. Nc2 Raf8 63. Ne1 Ra8 64. Ng2 Raf8 65. Rg1 Rh8 66. Rf5
Rhf8 67. Nf1 Bxf5 68. gxf5 Rh8 69. Nh4 Qd8 70. Ng6 Rh7 71. Kg3 Rf8 72. Rh1 Nf7
73. Bg4 Rh6 74. Nd2 Rfh8 75. Qf3 Qe8 76. Nb1 Qd7 77. Na3 Qd8 78. Nb5 Qd7 79.
Na7 Re8 80. Ra1 Na6 81. Rh1 Ra8 82. Nb5 Nc5 83. Qe3 Re8 84. Kf2 Ra8 85. Ke2 Na6
86. Kd2 Nc5 87. Bd1 Qd8 88. Qf3 Qd7 89. Bc2 Re8 90. Nc3 Ra8 91. Nd1 Rh7 92. h6+
Rxh6 93. Rxh6 Nxh6 94. Qh5 Qf7 95. Ne3 Rh8 96. Nf1 Rh7 97. Ng3 Ng8 98. Qg4 Ne7
99. Bd1 Nxg6 100. fxg6 Qxg6 101. Kc3 Rh4 102. Nf5+ Kf7 103. Nxh4 gxh4 104. Qxh4
Qxe4 105. Bh5+ Ke7 106. Qg3 Qh7 107. Bg6 Qh6 108. Bc2 e4 109. Qg4 Qg5 110. Qc8
Qe5+ 111. Kd2 e3+ 112. Ke2 Qh2+ 113. Kxe3 Qxc2 114. Qg8 Qxb3+ 115. Kf2 Qxa4
116. Qg4 Qd7 117. Qg8 Qe8 118. Qg4 Kd8 119. Qg7 Kc8 120. Kf3 Qe4+ 121. Kg3 Qxc4
0-1

[Event "Sydney International Open"]
[Site "Parramatta, NSW"]
[Date "2009.04.18"]
[Round "7.18"]
[White "Brown, Andrew"]
[Black "Mas, Hafizulhelmi"]
[Result "0-1"]
[WhiteElo "2085"]
[BlackElo "2425"]
[PlyCount "74"]
[EventDate "2009.04.15"]
[EventType "swiss"]
[EventRounds "9"]
[EventCountry "AUS"]
[SourceDate "2009.04.15"]

1. d4 Nf6 2. c4 c5 3. d5 b5 4. cxb5 a6 5. e3 g6 6. Nc3 Bg7 7. a4 d6 8. bxa6 O-O
9. Bb5 Bxa6 10. Nge2 Bxb5 11. Nxb5 Nbd7 12. O-O Nb6 13. Nec3 Qd7 14. e4 Rfb8
15. Qc2 Nc8 16. h3 Ra6 17. Be3 Ne8 18. f4 Na7 19. e5 Nxb5 20. axb5 Rxa1 21.
Rxa1 Qb7 22. Ra6 Nc7 23. Rc6 dxe5 24. b6 Na6 25. Na4 exf4 26. Bxc5 f3 27. Qd3
fxg2 28. Ba3 e6 29. Rd6 Be5 30. dxe6 Bxd6 31. Bxd6 Rc8 32. exf7+ Qxf7 33. Kxg2
Rd8 34. Nc3 Nc5 35. Qd4 Nb7 36. Ne4 Qe6 37. Qe5 Rxd6 0-1

[Event "Sydney International Open"]
[Site "Parramatta, NSW"]
[Date "2009.04.18"]
[Round "7.19"]
[White "Bird, Andrew"]
[Black "Mahmud, Syarif"]
[Result "0-1"]
[WhiteElo "2146"]
[BlackElo "2373"]
[PlyCount "104"]
[EventDate "2009.04.15"]
[EventType "swiss"]
[EventRounds "9"]
[EventCountry "AUS"]
[SourceDate "2009.04.15"]

1. Nf3 Nf6 2. c4 g6 3. Nc3 Bg7 4. g3 O-O 5. Bg2 d6 6. O-O Nc6 7. d3 h6 8. Rb1
a5 9. a3 e5 10. b4 Re8 11. b5 Nb8 12. Nd2 Nbd7 13. Nd5 Nh7 14. b6 Nxb6 15. Nxb6
cxb6 16. Qb3 Ra6 17. Ne4 a4 18. Qb4 Bf8 19. Qb2 Bd7 20. Nc3 Bc6 21. Be3 Bg7 22.
Bxb6 Qd7 23. Nd5 Ng5 24. Nc7 Bxg2 25. Kxg2 e4 26. d4 Qh3+ 27. Kh1 Nf3 28. exf3
exf3 29. Rg1 Re2 30. Qxe2 fxe2 31. Nxa6 bxa6 32. Rge1 Qe6 33. Rb2 Qxc4 34.
Rexe2 Bf6 35. Kg2 Qc3 36. Rec2 Qxa3 37. Ra2 Qd3 38. Rd2 Qb5 39. Rab2 Qc6+ 40.
d5 Qc4 41. Rbc2 Qb4 42. Be3 a3 43. Rc6 Qe4+ 44. Kg1 Qb1+ 45. Kg2 a2 46. Rxa6
a1=Q 47. Rxa1 Bxa1 48. Bxh6 Bc3 49. Re2 Qd3 50. Re8+ Kh7 51. Bf8 Qxd5+ 52. Kf1
Qb5+ 0-1

[Event "Sydney International Open"]
[Site "Parramatta, NSW"]
[Date "2009.04.18"]
[Round "7.20"]
[White "Amrutha, Mokal"]
[Black "Yuan, Yi"]
[Result "0-1"]
[WhiteElo "2155"]
[BlackElo "2010"]
[PlyCount "140"]
[EventDate "2009.04.15"]
[EventType "swiss"]
[EventRounds "9"]
[EventCountry "AUS"]
[SourceDate "2009.04.15"]

1. e4 e5 2. Nf3 Nc6 3. d4 exd4 4. Nxd4 Qh4 5. Nc3 Bb4 6. Ndb5 Ba5 7. Bd2 a6 8.
g3 Qe7 9. Nd5 Qxe4+ 10. Qe2 Qxe2+ 11. Bxe2 axb5 12. Bxa5 Rxa5 13. Nxc7+ Kd8 14.
Nxb5 Nh6 15. Kd2 Re8 16. a4 Na7 17. b4 Ra6 18. Nxa7 Rxa7 19. a5 b6 20. a6 Rxe2+
21. Kxe2 Rxa6 22. b5 Rxa1 23. Rxa1 Bb7 24. c4 Ng4 25. h3 Ne5 26. Rc1 d6 27. f4
Nd7 28. Rd1 Ke7 29. Ke3 Bg2 30. h4 f5 31. Ra1 {White offered a draw.} Bb7 32.
Rg1 Nf6 33. Kd4 Kf7 34. Ra1 Ne4 35. Rg1 h5 36. Ra1 Ke6 37. Ra7 Nc5 38. Ra3 d5
39. cxd5+ Bxd5 40. Ra7 Kd6 41. Kc3 Bb7 42. Kd4 g6 43. Ra3 Bd5 44. Rc3 Ne6+ 45.
Ke3 Nc7 46. Rc1 Nxb5 47. Rc8 Kd7 48. Rf8 Nd6 49. Kd4 Bf7 50. Rb8 Kc7 51. Rf8
Kc6 52. Ke5 Kc5 53. Rd8 Ne4 54. Rd7 Bc4 55. Rc7+ Kb5 56. Rg7 Be2 57. Rxg6 Nc5
58. Rg5 Bg4 59. Rxf5 Nd7+ 60. Ke4+ Bxf5+ 61. Kxf5 Kc4 62. g4 hxg4 63. Kxg4 b5
64. Kg5 b4 65. h5 b3 66. h6 Nf8 67. Kf6 b2 68. Kg7 b1=Q 69. Kxf8 Qh7 70. f5 Kd5
0-1

[Event "Sydney International Open"]
[Site "Parramatta, NSW"]
[Date "2009.04.18"]
[Round "7.21"]
[White "McNamara, Gary"]
[Black "Setiawan, Akwie"]
[Result "1-0"]
[WhiteElo "2114"]
[BlackElo "2185"]
[PlyCount "77"]
[EventDate "2009.04.15"]
[EventType "swiss"]
[EventRounds "9"]
[EventCountry "AUS"]
[SourceDate "2009.04.15"]

1. e4 e6 2. d4 d5 3. Nc3 dxe4 4. Nxe4 Be7 5. Nf3 Nf6 6. Bd3 b6 7. O-O Bb7 8.
Qe2 O-O 9. b3 Nbd7 10. Bb2 Nd5 11. c4 Nf4 12. Qd2 Nxd3 13. Qxd3 Nf6 14. Ng3 Qd6
15. Rad1 Rad8 16. Qe2 Qf4 17. d5 Bd6 18. Bc1 Qg4 19. h3 Qg6 20. Nh4 exd5 21.
Nxg6 hxg6 22. cxd5 Nxd5 23. Qb2 Bb4 24. Bd2 Bc5 25. Ne4 Be7 26. a3 a5 27. Rfe1
f5 28. Nc3 Bf6 29. Qc2 Rd7 30. Nxd5 Bxd5 31. Bc3 Bd8 32. b4 c6 33. bxa5 bxa5
34. Bd4 Rb7 35. Rb1 Rd7 36. Bc5 Rff7 37. Re8+ Kh7 38. Rb8 Be4 39. Qc1 1-0

[Event "Sydney International Open"]
[Site "Parramatta, NSW"]
[Date "2009.04.18"]
[Round "7.25"]
[White "Chan, Jason"]
[Black "Pon, N Krithikha"]
[Result "0-1"]
[WhiteElo "2056"]
[BlackElo "2180"]
[PlyCount "120"]
[EventDate "2009.04.15"]
[EventType "swiss"]
[EventRounds "9"]
[EventCountry "AUS"]
[SourceDate "2009.04.15"]

1. e4 Nf6 2. d3 e5 3. Nf3 d6 4. g3 g6 5. Bg2 Bg7 6. O-O O-O 7. Re1 Bg4 8. h3
Bxf3 9. Bxf3 Nc6 10. c3 Nd7 11. Bg2 Nb6 12. b4 a6 13. a4 f5 14. a5 Nd7 15. Na3
Rf7 16. Ra2 Kh8 17. Nc4 fxe4 18. dxe4 Nf6 19. Ne3 Qd7 20. Qb3 Rff8 21. Rd1 h6
22. Qc4 Ne7 23. Nd5 Nexd5 24. exd5 Qf7 25. Be3 Rfd8 26. Rad2 Rd7 27. Qd3 Re8
28. c4 Red8 29. Qb1 Qe8 30. Ra2 Re7 31. Rd3 e4 32. Rb3 c6 33. dxc6 Qxc6 34. Bf1
Nd7 35. b5 Qc8 36. bxa6 bxa6 37. Rb7 Rde8 38. Rd2 Qc6 39. Rd5 Re5 40. Bd4 R5e7
41. Bxg7+ Rxg7 42. Qb4 Re6 43. Be2 e3 44. f4 Nf6 45. Rb8+ Kh7 46. Rd1 h5 47.
Rb6 Qe4 48. Qb2 Qf5 49. Kh2 h4 50. Rf1 hxg3+ 51. Kxg3 Qxa5 52. Rb8 Ne4+ 53. Kh2
Qd2 54. Rd1 Qxb2 55. Rxb2 Rf7 56. c5 Nc3 57. Rxd6 Rxd6 58. cxd6 Rd7 59. Bxa6
Rxd6 60. Be2 Nxe2 0-1

[Event "Sydney International Open"]
[Site "Parramatta, NSW"]
[Date "2009.04.18"]
[Round "7.26"]
[White "Cunanan, Kimberly Jane"]
[Black "Broekhuyse, Paul"]
[Result "0-1"]
[WhiteElo "1991"]
[BlackElo "2118"]
[PlyCount "52"]
[EventDate "2009.04.15"]
[EventType "swiss"]
[EventRounds "9"]
[EventCountry "AUS"]
[SourceDate "2009.04.15"]

1. c4 f5 2. g3 Nf6 3. Bg2 g6 4. Nc3 Bg7 5. d3 O-O 6. e4 d6 7. Nge2 Nc6 8. O-O
e5 9. h3 f4 10. gxf4 Nh5 11. fxe5 dxe5 12. Nd5 Qh4 13. Kh2 Rf7 14. Be3 Nd4 15.
Bxd4 exd4 16. f4 c6 17. Nb4 Nxf4 18. Nxf4 Be5 19. Kg1 Rxf4 20. Rxf4 Bxf4 21.
Qf3 Be6 22. Nc2 Rf8 23. Nxd4 Bg3 24. Qe2 Rf2 25. Qe3 Rxg2+ 26. Kxg2 Qxh3+ 0-1

[Event "Sydney International Open"]
[Site "Parramatta, NSW"]
[Date "2009.04.18"]
[Round "7.27"]
[White "Davis, Tony"]
[Black "Stead, Kerry"]
[Result "0-1"]
[WhiteElo "1983"]
[BlackElo "2087"]
[PlyCount "50"]
[EventDate "2009.04.15"]
[EventType "swiss"]
[EventRounds "9"]
[EventCountry "AUS"]
[SourceDate "2009.04.15"]

1. d4 Nf6 2. Nf3 c5 3. d5 e6 4. Nc3 b5 5. dxe6 fxe6 6. Nxb5 d5 7. e3 Nc6 8. c4
a6 9. Na3 Bd6 10. Bd2 O-O 11. Bd3 Rb8 12. b3 Qc7 13. Qe2 Nb4 14. cxd5 Nxd3+ 15.
Qxd3 exd5 16. h3 Qe7 17. Nc2 Bb7 18. O-O Ne4 19. Rad1 Rbe8 20. Bc1 Rxf3 21.
gxf3 Qg5+ 22. Kh1 Qh5 23. Kg2 Ng5 24. Rh1 Qxf3+ 25. Kg1 Ne4 0-1

[Event "Sydney International Open"]
[Site "Parramatta, NSW"]
[Date "2009.04.18"]
[Round "7.28"]
[White "Nakauchi, Gene"]
[Black "Muller, Jonas"]
[Result "1-0"]
[WhiteElo "2076"]
[BlackElo "1981"]
[PlyCount "51"]
[EventDate "2009.04.15"]
[EventType "swiss"]
[EventRounds "9"]
[EventCountry "AUS"]
[SourceDate "2009.04.15"]

1. d4 Nf6 2. c4 e6 3. Nc3 Bb4 4. e3 d5 5. Bd3 O-O 6. Nf3 c5 7. O-O dxc4 8. Bxc4
cxd4 9. exd4 b6 10. Bg5 Bb7 11. Rc1 Nbd7 12. Qe2 Qb8 13. Ne5 Bxc3 14. Nxd7 Nxd7
15. Rxc3 Qd6 16. Rg3 Rfe8 17. Bb5 Bc6 18. Bxc6 Qxc6 19. Rc1 Qd5 20. Bh6 g6 21.
Rgc3 Nf6 22. Rc7 a6 23. h3 Red8 24. Qe3 Qf5 25. g4 Qb5 26. Qf3 1-0

[Event "Sydney International Open"]
[Site "Parramatta, NSW"]
[Date "2009.04.18"]
[Round "7.29"]
[White "Siddiqi, Shan"]
[Black "Safarian, Alek"]
[Result "0-1"]
[WhiteElo "1683"]
[BlackElo "2061"]
[PlyCount "26"]
[EventDate "2009.04.15"]
[EventType "swiss"]
[EventRounds "9"]
[EventCountry "AUS"]
[SourceDate "2009.04.15"]

1. e4 d6 2. d4 g6 3. Nc3 Bg7 4. Be3 c6 5. Bd3 Nf6 6. f4 Ng4 7. Qd2 O-O 8. Nf3
Nxe3 9. Qxe3 Bg4 10. Ng5 Qb6 11. Kd2 Bxd4 12. Qg3 h5 13. h3 Bf2 0-1

[Event "Sydney International Open"]
[Site "Parramatta, NSW"]
[Date "2009.04.18"]
[Round "7.30"]
[White "Stojic, Dusan"]
[Black "Smirnov, Anton"]
[Result "1-0"]
[WhiteElo "2229"]
[BlackElo "1495"]
[PlyCount "97"]
[EventDate "2009.04.15"]
[EventType "swiss"]
[EventRounds "9"]
[EventCountry "AUS"]
[SourceDate "2009.04.15"]

1. Nf3 d5 2. g3 Nf6 3. Bg2 e6 4. O-O c5 5. c4 Nc6 6. cxd5 exd5 7. d4 cxd4 8.
Nxd4 Bc5 9. Nb3 Bb6 10. Nc3 Be6 11. Na4 O-O 12. Nxb6 Qxb6 13. Be3 Qc7 14. Rc1
Rad8 15. Nd4 h6 16. Qa4 Qa5 17. Qxa5 Nxa5 18. b3 Bd7 19. Rc5 Nc6 20. Bxd5 Nxd4
21. Bxd4 Nxd5 22. Rxd5 Bc6 23. Rxd8 Rxd8 24. e3 a6 {Black offered a draw.} 25.
Rc1 Rd5 26. Kf1 g6 27. Ke2 Kf8 28. a4 Ke7 29. Kd3 Ke6 30. e4 Rd7 31. Rc5 f6 32.
f4 Rd8 33. f5+ gxf5 34. Rxf5 Rf8 35. Rh5 Rh8 36. g4 Be8 37. Rf5 Rf8 38. Ke3 Bg6
39. Rc5 Kd6 40. Rd5+ Kc6 41. Rc5+ Kd6 42. Rc4 Kd7 43. Kf4 h5 44. gxh5 Bxh5 45.
Kf5 Bf7 46. Rb4 Be6+ 47. Kg6 Kc7 48. Bxf6 Kc6 49. a5 1-0

[Event "Sydney International Open"]
[Site "Parramatta, NSW"]
[Date "2009.04.18"]
[Round "7.31"]
[White "Holland, Dennis"]
[Black "Oliver, Gareth"]
[Result "1/2-1/2"]
[WhiteElo "1963"]
[BlackElo "2187"]
[PlyCount "69"]
[EventDate "2009.04.15"]
[EventType "swiss"]
[EventRounds "9"]
[EventCountry "AUS"]
[SourceDate "2009.04.15"]

1. d4 Nf6 2. Nf3 g6 3. Nbd2 d5 4. e3 Bg7 5. c4 O-O 6. Bd3 c5 7. O-O cxd4 8.
Nxd4 Nc6 9. Nxc6 bxc6 10. Qa4 Qc7 11. h3 e5 12. e4 d4 13. b4 Bd7 14. c5 a5 15.
Nc4 axb4 16. Qxb4 Be6 17. a4 Bxc4 18. Qxc4 Qa5 19. Bg5 Rfb8 20. Bxf6 Rb4 21.
Qc2 Bxf6 22. Rfb1 Rab8 23. Rxb4 Rxb4 24. Kh2 Be7 25. g3 Kg7 26. Kg2 Kf8 27. Kh2
Ke8 28. Kg2 Kd7 29. Qa2 Ke8 30. Bc4 f6 31. Bg8 Qxc5 32. Qe6 Qc2 33. Qc8+ Bd8
34. Qe6+ Be7 35. Qc8+ 1/2-1/2

[Event "Sydney International Open"]
[Site "Parramatta, NSW"]
[Date "2009.04.18"]
[Round "7.32"]
[White "Watson, James"]
[Black "Grigg, Sam"]
[Result "1-0"]
[WhiteElo "2101"]
[BlackElo "1927"]
[PlyCount "77"]
[EventDate "2009.04.15"]
[EventType "swiss"]
[EventRounds "9"]
[EventCountry "AUS"]
[SourceDate "2009.04.15"]

1. e4 c5 2. Nc3 Nc6 3. f4 d6 4. Nf3 g6 5. Bc4 Bg7 6. O-O Nf6 7. d3 O-O 8. Qe1
Na5 9. Bb3 Nxb3 10. axb3 b6 11. Qh4 Bb7 12. f5 Qd7 13. Ne1 d5 14. e5 Ne8 15. f6
exf6 16. exf6 Nxf6 17. Rxf6 Bxf6 18. Qxf6 Qe6 19. Qxe6 fxe6 20. Nf3 Kg7 21. Nb5
Rf7 22. Bd2 Bc6 23. Nc3 d4 24. Ne4 Bxe4 25. dxe4 a5 26. Ne5 Rfa7 27. Rf1 b5 28.
Bg5 a4 29. bxa4 bxa4 30. Ng4 h5 31. Ne5 Rb7 32. Rf6 Rxb2 33. Rf7+ Kg8 34. Bh6
Rbb8 35. Rg7+ Kf8 36. Nd7+ Ke8 37. Nxb8 Kd8 38. Nc6+ Kc8 39. Bf4 1-0